000 00770nam a2200229Ia 4500
003 GCL
008 140319s9999 xx 000 0 ara d
040 _aGCL /
_cGCL
082 0 4 _a616.8498
_bم ن
100 1 _aمحمد حسن غانم
245 1 0 _aالنوم و اضطرباتة /
_cمحمد حسن غانم
250 _aالاولى
260 _aالقاهرة :
_bالمكتبة المصرية ،
_c2004
300 _a119 ص ؛
_c20 سم
490 _aسلسلة الثقافة النفسية للجميع
_v3
650 0 4 _aالارق
650 0 4 _aالكابوس
650 0 4 _aالاحلام - الجوانب النفسية
650 0 4 _aالنوم - الجوانب الفسيولوجية
650 0 4 _aالنوم - اضطرابات
942 _2ddc
_cBK
999 _c6196
_d6196